Statistics for Countries With the Most Population Growth - No Africa

Click here to take the quiz!

General Stats

  • This quiz has been taken 33 times
  • The average score is 8 of 15

Answer Stats

Growth (%)Growth (Pop.)Country% Correct
2.00220,892,340Pakistan
90%
3.681,701,575Bahrain
77%
2.3240,222,493Iraq
74%
2.3338,928,346Afghanistan
71%
2.5217,500,658Syria
71%
2.2829,825,964Yemen
71%
1.8529,136,808Nepal
68%
2.655,106,626Oman
68%
1.9017,915,568Guatemala
52%
2.329,537,645Tajikistan
42%
1.958,947,024Papua New Guinea
35%
1.961,318,445East Timor
32%
1.86397,628Belize
29%
2.55686,884Solomon Islands
29%
2.42307,145Vanuatu
29%

Score Distribution

Percentile by Number Answered

Percent of People with Each Score

Your Score History

You have not taken this quiz